banner koha

Etude comparative de lastrategie de reproduction du gardon (Rutilus rutilus L.)et du goujon (Gobio gobio L.)sous des conditions thermiques controlees: ralation entre la temperature et l'ovogenese (Registro n. 165415)

MARC details
000 -LÍDER
campo de controle de tamanho fixo 01001nas a2200313 4500
001 - NÚMERO DE CONTROLE
campo de controle BR0100370
003 - IDENTIFICADOR DO NÚMERO DE CONTROLE
campo de controle BR-BrBNA
005 - DATA E HORÁRIO DA ÚLTIMA TRANSAÇÃO
campo de controle 20231205102036.0
007 - CAMPO FIXO DE DESCRIÇÃO FÍSICA--INFORMAÇÃO GERAL
campo de controle de tamanho fixo ta
008 - CAMPO DE DADOS FIXOS--INFORMAÇÃO GERAL
campo de controle de tamanho fixo 230509b bl.|||p| |||| 00| 00por d
040 ## - FONTE DA CATALOGAÇÃO
Instituição da catalogação original BR-BrBNA
Idioma da catalogação por
Instituição que transcreveu o registro Biblioteca Nacional de Agricultura
041 ## - CÓDIGO DE IDIOMA
Código do idioma do texto/trilha sonora ou título diferente (Fr)
072 ## - CÓDIGO DE CATEGORIA DE ASSUNTO
Código de Categoria de Assunto L53
100 1# - ENTRADA PRINCIPAL--NOME PESSOAL
Nome pessoal Beelen, R.
100 1# - ENTRADA PRINCIPAL--NOME PESSOAL
Nome pessoal Rinchard, J.
100 1# - ENTRADA PRINCIPAL--NOME PESSOAL
Nome pessoal Kestemont, P.
100 1# - ENTRADA PRINCIPAL--NOME PESSOAL
Nome pessoal Micha, J.C.
100 1# - ENTRADA PRINCIPAL--NOME PESSOAL
Nome pessoal Guimaraes, P.M.
245 1# - TÍTULO
Título Etude comparative de lastrategie de reproduction du gardon (Rutilus rutilus L.)et du goujon (Gobio gobio L.)sous des conditions thermiques controlees: ralation entre la temperature et l'ovogenese
650 ## - ASSUNTO--TERMO TÓPICO
Cabeçalho tópico ou nome geográfico Peixe
650 ## - ASSUNTO--TERMO TÓPICO
Cabeçalho tópico ou nome geográfico Desova
650 ## - ASSUNTO--TERMO TÓPICO
Cabeçalho tópico ou nome geográfico Stress
650 ## - ASSUNTO--TERMO TÓPICO
Cabeçalho tópico ou nome geográfico Temperatura
650 ## - ASSUNTO--TERMO TÓPICO
Cabeçalho tópico ou nome geográfico Hormonio
650 ## - ASSUNTO--TERMO TÓPICO
Cabeçalho tópico ou nome geográfico Reproducao Animal
773 0# - ENTRADA ANALÍTICA
Título Boletim do Instituto de Pesca (Brazil)
ISSN - International Standard Serial Number ISSN 0046-9939
Partes relacionadas (1998-1999), v. 25 p. 31-43
Número de controle do registro BR0100370
909 ## -
-- 202311
-- Lúcia
-- 55
-- Lúcia Elande
942 ## - ELEMENTOS DE ENTRADA ADICIONADOS (KOHA)
Fonte da classificação ou esquema de arquivamento na estante Classificação AGRIS
Ocultar no OPAC Não
Tipo de material Koha Analítica
Exemplares
Situação do descarte Fonte da classificação ou esquema de arquivamento na estante Situação física Não pode ser emprestado Biblioteca de origem Biblioteca atual Localização na estante Enumeração do periódico / cronologia Total de empréstimos Data de último acesso Número do exemplar Tipo de material Koha Fonte de aquisição
  Classificação AGRIS   Consulta local Biblioteca Nacional de Agricultura - Binagri Biblioteca Nacional de Agricultura - Binagri   (1998-1999), v. 25 p. 31-43   29/11/2023 01 Periódicos Portaria Interministerial nº 164/94

BINAGRI

Telefone: (61)3218-2567/2388/3357/2097 - binagri@agro.gov.br

Ministério da Agricultura e Pecuária , Esplanada dos Ministérios, Bloco D, Anexo B, Brasília/DF, CEP: 70.043-900